El niño maltratado

Guardat en:
Dades bibliogràfiques
Autor principal: Zalba, Serapio Richard (Autor)
Format: Llibre
Idioma:espanyol
Publicat: Buenos Aires Humanitas 1986
Col·lecció:Cuadernos de Servicio Social, 40
Matèries:
Etiquetes: Afegir etiqueta
Sense etiquetes, Sigues el primer a etiquetar aquest registre!

MARC

LEADER 00000nam a2200000 a 4500
001 UCY3221
003 CL-VaPUC
008 941219e19860000AG |||||||||||||||||spa|d
082 0 4 |a 364.155  |b ZAL  |2 21 
100 0 |a Zalba, Serapio Richard  |e author  |9 331484 
245 1 3 |a El niño maltratado 
300 |a 68 p 
942 |c BK 
945 |d 19941219 00:00:00  |a rbrito 
260 |a Buenos Aires  |b Humanitas  |c 1986 
650 7 |a MALTRATO AL NIÑO  |2 CL-VaPUC  |9 331485 
650 7 |a SINDROME DEL NIÑO MALTRATADO  |2 CL-VaPUC  |9 331486 
583 |a last modification  |c 19941219 00:00:00  |k Rodrigo Vera 
490 0 |a Cuadernos de Servicio Social, 40 
999 |c 231426  |d 231424 
952 |0 0  |1 0  |4 0  |6 364_155000000000000_ZAL_1986  |7 0  |8 A  |9 234675  |a BIBGIM  |b BIBGIM  |d 2019-11-15  |i 1999257  |o 364.155 ZAL 1986  |p 1999257  |r 2025-01-15  |w 2019-11-15  |y BK  |k SSL